[Event "AUTO-ADV-4872"]
[Site "http://www.queenalice.com/game.php?id=1862227"]
[Date "2025.8.28"]
[Round "2"]
[White "BobFicha"]
[Black "mennecy91"]
[Result "0-1"]
[WhiteElo "1917"]
[BlackElo "2138"]

1. e4 b5 2. b4 a6 3. d4 g6 4. Bd3 Bg7 5. c3 Bb7 6. Nf3 Nf6 7. d5 O-O 8. O-O d6
9. Bb2 Nbd7 10. Re1 Ng4 11. Nbd2 Nge5 12. Nxe5 Nxe5 13. Be2 c6 14. f4 Nd7 15.
Bf3 cxd5 16. exd5 Nb6 17. Qb3 Rc8 18. Rac1 Na4 19. Rc2 Nxb2 20. Qxb2 Qc7 21. Re3
Rfe8 22. Rd3 Qb6+ 23. Kf1 Rc7 24. Qb3 Bc8 25. Be4 e5 26. dxe6 fxe6 27. g3 d5 28.
Bg2 Rf8 29. Nf3 Qd6 30. Re2 Rc4 31. Nd2 Rc7 32. Nf3 Rcf7 33. Rde3 h6 34. Qc2 Rf6
35. Rf2 g5 36. fxg5 hxg5 37. g4 Bb7 38. Ree2 Rc8 39. Qd3 Rc4 40. h3 Qg3 41. Re3
Rcf4 42. Qd1 d4 43. cxd4 Bd5 44. Qe1 Bf8 45. Rb2 Qxe1+ 46. Kxe1 Bxf3 47. Bf1 Bd5
48. Be2 Rxd4 49. a3 Rdf4 50. Bd3 Rf3 51. Rbe2 Rxe3 52. Rxe3 Bd6 53. Re2 Bg3+ 54.
Kd2 Rf2 55. Ke3 Rxe2+ 56. Bxe2 Bg2 57. Bf3 Bxf3 58. Kxf3 Be5 59. Ke4 Bb2 60. Kd3
Bxa3 61. Kc3 Bc1 62. Kd4 Bf4 63. Kd3 Kf7 64. Kd4 Kf6 0-1

[Event "AUTO-ADV-4872"]
[Site "http://www.queenalice.com/game.php?id=1862228"]
[Date "2025.8.28"]
[Round "2"]
[White "mennecy91"]
[Black "BobFicha"]
[Result "1-0"]
[WhiteElo "2066"]
[BlackElo "1935"]

1. c4 Nf6 2. Nc3 e5 3. e4 Bc5 4. g3 d6 5. h3 O-O 6. Bg2 Be6 7. d3 Nbd7 8. Nge2
Ne8 9. O-O c6 10. Kh2 Qb6 11. Na4 Qd8 12. Nxc5 Nxc5 13. Be3 Qb6 14. Rb1 h6 15.
b4 Qa6 16. bxc5 Qxa2 17. cxd6 Nxd6 18. Qd2 Qxd2 19. Bxd2 Rfd8 20. f4 exf4 21.
Nxf4 Bc8 22. Bc3 b6 23. e5 Nf5 24. Bxc6 Rb8 25. Rbe1 Ne7 26. Be4 a5 27. Rb1 a4
28. Bb4 Rd7 29. Bd6 Rbb7 30. Bxb7 Rxb7 31. Bxe7 Rxe7 32. d4 Rb7 33. d5 g5 34.
Nh5 a3 35. Nf6+ Kh8 36. Ne8 a2 37. Ra1 Ra7 38. Nd6 Ba6 39. Rxa2 Bxc4 40. Rxa7
1-0

[Event "AUTO-ADV-4875"]
[Site "http://www.queenalice.com/game.php?id=1865576"]
[Date "2025.11.14"]
[Round "2"]
[White "Connor"]
[Black "BobFicha"]
[Result "0-1"]
[WhiteElo "1872"]
[BlackElo "1921"]

1. d4 d5 2. e3 Nf6 3. c4 c6 4. Nf3 Bg4 5. Nc3 e6 6. cxd5 cxd5 7. Be2 Bxf3 8.
Bxf3 Bb4 9. Bd2 O-O 10. O-O Nc6 11. Re1 Re8 12. a3 Bd6 13. Nb5 Be7 14. Nc3 a6
15. b4 b5 16. Qc1 Qc7 17. Ne2 Bd6 18. Ng3 Bxg3 19. fxg3 g6 20. e4 dxe4 21. Bxe4
Nxe4 22. Rxe4 Qb7 23. Rf4 Rac8 24. Qf1 f5 25. Be3 g5 26. Rf2 g4 27. Qd1 Qg7 28.
Rc1 Red8 29. Rf1 Rd5 30. Qe2 Qf6 31. Rc5 Qd8 32. Rxd5 Qxd5 33. Qb2 h5 34. Rc1
Kf7 0-1

[Event "AUTO-ADV-4875"]
[Site "http://www.queenalice.com/game.php?id=1865577"]
[Date "2025.11.14"]
[Round "2"]
[White "BobFicha"]
[Black "mennecy91"]
[Result "0-1"]
[WhiteElo "1866"]
[BlackElo "2114"]

1. e4 c5 2. Nf3 Nc6 3. c3 g6 4. Bb5 Bg7 5. Bxc6 bxc6 6. O-O e5 7. d3 Nf6 8. h3
d6 9. c4 O-O 10. b3 Bb7 11. Bg5 h6 12. Bc1 Nh7 13. Ba3 f5 14. Nbd2 fxe4 15. dxe4
Ng5 16. Nxg5 Qxg5 17. Bc1 Qe7 18. Qg4 Kh7 19. Qe2 d5 20. f3 Qh4 21. Bb2 d4 22.
Kh2 Bc8 23. Qf2 Qf6 24. Ba3 Qe7 25. Qe1 g5 26. g4 Rf4 27. Bc1 Rf7 28. a4 Be6 29.
Ba3 Raf8 30. Qd1 a5 31. Rf2 Rf4 32. Bc1 R4f7 33. Ba3 Qd6 34. Nf1 Rf4 35. Bc1
R4f7 36. Ba3 Rb8 37. Rb1 Rfb7 38. Ng3 Bxc4 39. Rfb2 Be6 40. Nf5 Bxf5 41. gxf5
Bf8 42. Qd2 Qc7 43. Qd1 Qf7 44. Qc2 Qh5 45. Qd1 Rd7 0-1

[Event "AUTO-ADV-4875"]
[Site "http://www.queenalice.com/game.php?id=1865578"]
[Date "2025.11.14"]
[Round "2"]
[White "mennecy91"]
[Black "BobFicha"]
[Result "1-0"]
[WhiteElo "2146"]
[BlackElo "1924"]

1. c4 c5 2. Nc3 Nc6 3. g3 g6 4. Bg2 Bg7 5. e4 e5 6. d3 Qa5 7. Ne2 Nf6 8. O-O O-O
9. h3 d6 10. Be3 Rd8 11. f4 Ne7 12. Bd2 Qb6 13. Rb1 Nc6 14. g4 Qc7 15. Nd5 Nxd5
16. exd5 Ne7 17. Be4 f5 18. Bf3 b6 19. Ng3 a5 20. b3 Rf8 21. g5 e4 22. dxe4 fxe4
23. Nxe4 Bxh3 24. Bg2 Bd4+ 25. Kh1 Qc8 26. Qf3 Bg4 27. Qg3 Bf5 28. Rbe1 Qc7 29.
Bc3 Bxc3 30. Nxc3 Qd7 31. Ne4 Bxe4 32. Rxe4 Nf5 33. Qg4 Ra7 34. Rfe1 Rf7 35. Bh3
Rb7 36. Kh2 Kg7 37. Qg2 Qd8 38. Re8 Qd7 39. Qb2+ 1-0